Statistics for 2021 F1 Race Winners in One minute

Click here to take the quiz!

General Stats

  • This quiz has been taken 229 times
  • The average score is 22 of 22

Answer Stats

RaceAnswer% Correct
Bahrain GPLewis Hamilton
100%
Portuguese GPLewis Hamilton
100%
Spanish GPLewis Hamilton
100%
Saudi Arabian GPLewis Hamilton
100%
Qatar GPLewis Hamilton
100%
Brazilian GPLewis Hamilton
100%
British GPLewis Hamilton
100%
Russian GPLewis Hamilton
100%
Dutch GPMax Verstappen
100%
Mexican GPMax Verstappen
100%
Us GPMax Verstappen
100%
Belgium GPMax Verstappen
100%
Imola GPMax Verstappen
100%
Austrian GPMax Verstappen
100%
Stryian GPMax Verstappen
100%
French GPMax Verstappen
100%
Monaco GPMax Verstappen
100%
Abu Dhabi GPMax Verstappen
100%
Azerbaijan GPSergio Perez
97%
Turkish GPValterri Bottas
97%
Italian GPDaniel Ricciardo
95%
Hungarian GPEsteban Ocon
94%

Score Distribution

Percentile by Number Answered

Percent of People with Each Score

Your Score History

You have not taken this quiz